000 00783nam a22002177a 4500
008 170321b xxu||||| |||| 00| 0 eng d
020 _a978-971-814-223-3
082 _22016
_aDFil 808.8
_bB561
110 _919348
_aNational Commission for Culture and the Arts (NCAA)
245 _aThe best of dagmay/
_cedited by Jhoanna Lynn B.Cruz [and three others].
260 _aPhilippines:
_bUniversity Publication Office,
_cc2016.
300 _axiv, 138 pages;
_c21 cm.
650 0 _919349
_aLiterature
_xCollections
650 0 _919350
_aLiterary collections
650 0 _919351
_aAnthologies
700 _919352
_aCruz, Jhoanna Lynn B.
_eeditor
700 _919353
_aBengan, John
700 _919354
_aCimafranca, Dominique Gerald M.
700 _919355
_aPagusara, Don
942 _2ddc
_cDFIL
999 _c6406
_d6406